000 01101nam0a22002411i 4500
001 rc\3255577
005 20240723214926.0
021 _aRU
_b[73-1081а]
035 _a(NLR Aleph) 007384063
090 _a6539625
_c6539625
100 _a20130115d1973 |||y0rusy50 ca
101 0 _arus
102 _aRU
105 _ay d |||||
200 1 _aПредложно-субстантивные конструкции в функции обстоятельства образа и способа действия
_e(На материале рус. лит. яз. конца XIX - начала XX в.)
_eАвтореф. дис. на соиск. учен. степени канд. филол. наук
_e(10.660)
_fВоронеж. гос. ун-т им. Ленинского комсомола
210 _aВоронеж
_d1973
215 _a20 с.
320 _aСписок работ авт. в конце текста (7 назв.)
700 1 _aФедоринова
_bН.Н.
_gНина Николаевна
801 0 _aRU
_bNLR
_gpsbo
801 1 _aRU
_bELAR
_2rusmarc
852 _aNLR
_j73-4/17010
942 _cBOOK